Para conocer las sectas: panorámica de la nueva religiosidad marginal
Gorde:
| Egile nagusia: | |
|---|---|
| Formatua: | Liburua |
| Hizkuntza: | gaztelania |
| Argitaratua: |
Pamplona
Verbo Divino
1993
|
| Edizioa: | 1a. ed |
| Gaiak: | |
| Etiketak: |
Etiketa erantsi
Etiketarik gabe, Izan zaitez lehena erregistro honi etiketa jartzen!
|
MARC
| LEADER | 00000cam a2200000 a 4500 | ||
|---|---|---|---|
| 001 | UCK0450 | ||
| 003 | CL-VaPUC | ||
| 008 | 041008e19930000SP |||||||||||||||||spa|d | ||
| 020 | |a 847151897X | ||
| 082 | 0 | 4 | |a 291.9 |b BOS |2 21 |
| 100 | 0 | |a Bosch Navarro, Juan |e author |9 488413 | |
| 245 | 1 | 0 | |a Para conocer las sectas: panorámica de la nueva religiosidad marginal |
| 250 | |a 1a. ed | ||
| 300 | |a 285 p | ||
| 942 | |c BK | ||
| 945 | |d 20041008 00:00:00 |a vberengu | ||
| 260 | |a Pamplona |b Verbo Divino |c 1993 | ||
| 650 | 0 | |a Sectas |9 320072 | |
| 650 | 0 | |a Creencias religiosas |9 373391 | |
| 583 | |a last modification |c 20171129 11:36:29 |k Rodrigo Vera | ||
| 999 | |c 310888 |d 310886 | ||
| 952 | |0 0 |1 0 |4 0 |6 291_900000000000000_BOS_1993 |7 0 |8 A |9 379929 |a BIBTEO |b BIBTEO |d 2019-11-21 |i 4069226 |o 291.9 BOS 1993 |p 4069226 |r 2024-01-18 |w 2019-11-21 |y BK |k ICR | ||
| 952 | |0 0 |1 0 |3 erb |4 0 |6 291_900000000000000_BOS_1993 |7 0 |8 A |9 379930 |a BIBTEO |b BIBTEO |i 5440297 |o 291.9 BOS 1993 |p 5440297 |r 2024-01-18 |w 2019-11-21 |y BK |z Catalogado en:20171201 |k ICR | ||